ბათუმის შოთა რუსთაველის სახელმწიფო უნივერსიტეტის ბიბლიოთეკა

Реферативный журнал / (ბიბ.ჩანაწერი № 57828)

000 -LEADER
fixed length control field 00376nam a22001337a 4500
005 - DATE AND TIME OF LATEST TRANSACTION
control field 20210118122647.0
008 - FIXED-LENGTH DATA ELEMENTS--GENERAL INFORMATION
fixed length control field 201224s2019 ru ||||| |||| 00| 0 rus d
040 ## - CATALOGING SOURCE
Transcribing agency
041 ## - LANGUAGE CODE
Language code of text/sound track or separate title rus
245 ## - TITLE STATEMENT
Title Реферативный журнал /
Remainder of title 2019 .
260 ## - PUBLICATION, DISTRIBUTION, ETC.
Place of publication, distribution, etc. Москва,
Date of publication, distribution, etc. 2019.
653 ## - INDEX TERM--UNCONTROLLED
Uncontrolled term ელექტრონული ჟურნალი
942 ## - ADDED ENTRY ELEMENTS (KOHA)
Source of classification or shelving scheme
Koha item type წიგნი
ეგზემპლარები
Withdrawn status Lost status Source of classification or shelving scheme Damaged status Not for loan Permanent Location Current Location Shelving location Date acquired Serial Enumeration / chronology Barcode Date last seen Copy number Price effective from Koha item type
        შიდა ფონდი ბათუმის შოთა რუსთაველის სახელმწიფო უნივერსიტეტის მთავარი ბიბლიოთეკა ბათუმის შოთა რუსთაველის სახელმწიფო უნივერსიტეტის მთავარი ბიბლიოთეკა წიგნსაცავი 2020-12-24 # 11 (2019) p80707 2020-12-24 p80707 2020-12-24 კომპიუტერის ფაილები
        შიდა ფონდი ბათუმის შოთა რუსთაველის სახელმწიფო უნივერსიტეტის მთავარი ბიბლიოთეკა ბათუმის შოთა რუსთაველის სახელმწიფო უნივერსიტეტის მთავარი ბიბლიოთეკა წიგნსაცავი 2020-12-24 # 12 (2019) p80706 2020-12-24 p80706 2020-12-24 კომპიუტერის ფაილები